000 00579nam a22001937a 4500
003 OSt
005 20140310181750.0
008 130129t xxu||||| |||| 00| 0 eng d
020 _a9711603861
050 _aKPM 3794
_b.R454 1996
082 _aFil 345
_bR32 2002
110 _aCBSI Editorial Staff
245 _aThe revised penal code (criminal law) :
_cAct no.3815, as amended with complete updated related special laws /
260 _aManila, Philippines :
_bNational Book Store,
_c1996.
300 _a847 p. :
_c22 cm.
562 _e1
942 _2lcc
_cBK
999 _c3157
_d3157